Discours / (Registro nro. 32085)

Detalles MARC
000 -LEADER
campo de control de longitud fija 00828nam a2200193 i 4500
001 - NÚMERO DE CONTROL
campo de control 32085
003 - IDENTIFICADOR DE NÚMERO DE CONTROL
campo de control ES-MaACL
005 - FECHA Y HORA DE LA ÚLTIMA TRANSACCIÓN
campo de control 20230906154517.0
007 - CAMPO FIJO DE DESCRIPCIÓN FÍSICA--INFORMACIÓN GENERAL
campo de control de longitud fija t|
008 - DATOS DE LONGITUD FIJA--INFORMACIÓN GENERAL
campo de control de longitud fija 030217s1881 it ||||1| fre d
100 0# - ENTRADA PRINCIPAL--NOMBRE DE PERSONA
Nombre de persona Capellini, Giovanni.
9 (RLIN) 34832
245 10 - MENCIÓN DEL TÍTULO
Título Discours /
Mención de responsabilidad, etc. de J. Capellini, président du Comitè D'Organisation à la séance d'ouverture.
260 ## - PUBLICACIÓN, DISTRIBUCIÓN, ETC.
Lugar de publicación, distribución, etc. Bologne :
Nombre del editor, distribuidor, etc. [s.n.],
Fecha de publicación, distribución, etc. 1881 (
Fabricante Imp. Fava et Garagnani)
300 ## - DESCRIPCIÓN FÍSICA
Extensión 16 p. ;
Dimensiones 22 cm.
500 ## - NOTA GENERAL
Nota general Precede al tit.: Congrès Géologique International, 2e sessión, Bologne 1881.
650 #4 - PUNTO DE ACCESO ADICIONAL DE MATERIA--TÉRMINO DE MATERIA
Término de materia o nombre geográfico como elemento de entrada Geología-
Subdivisión de forma Congresos y asambleas.
9 (RLIN) 157312
711 ## - ENTRADA AGREGADA--NOMBRE DE REUNIÓN
Nombre de congreso/reunión o jurisdicción como elemento de entrada Congrés Géologique International (
Número del congreso/reunión o número de parte o sección 2º.
Fecha del congreso o de la firma del tratado 1881.
Sede del congreso/Lugar de la reunión Bologne)
9 (RLIN) 239
852 ## - LOCALIZACIÓN
Ubicación ES-MaACL
Número de control de estantería T-899-F-2
Nota libre .- Legado de Federico de Botella y de Hornos
-- .- Enc. en un vol. facticio conservando la cub. original
Existencias
Estatus retirado Estado de pérdida Estado de daño No para préstamo Colección Biblioteca de origen Biblioteca actual Ubicación en estantería Fecha de adquisición Fuente de adquisición Total de préstamos Signatura topográfica completa Código de barras Visto por última vez Precio de reemplazo Tipo de ítem Koha
        Colección de folletos Biblioteca del Ateneo de Madrid Biblioteca del Ateneo de Madrid Depósito folletos 17/01/2008     T-899-F-2 1033205 23/02/2023 23/02/2023 Folleto